<?xml version="1.0" encoding="UTF-8"?>
<record
    xmlns:xsi="http://www.w3.org/2001/XMLSchema-instance"
    xsi:schemaLocation="http://www.loc.gov/MARC21/slim http://www.loc.gov/standards/marcxml/schema/MARC21slim.xsd"
    xmlns="http://www.loc.gov/MARC21/slim">

  <leader>00699nam a22001577a 4500</leader>
  <controlfield tag="003">OSt</controlfield>
  <controlfield tag="005">20150917151956.0</controlfield>
  <controlfield tag="008">150917b        xxu||||| |||| 00| 0 eng d</controlfield>
  <datafield tag="040" ind1=" " ind2=" ">
    <subfield code="c">RUA</subfield>
  </datafield>
  <datafield tag="082" ind1=" " ind2=" ">
    <subfield code="a">AGR SET 2005 B032 Or.1</subfield>
  </datafield>
  <datafield tag="100" ind1=" " ind2=" ">
    <subfield code="9">688</subfield>
    <subfield code="a">SETH SOVONG</subfield>
  </datafield>
  <datafield tag="245" ind1=" " ind2=" ">
    <subfield code="a">Effect of ureate on growth of green mustard under hydroponic condition during the early rainy season,(&#x17A5;&#x1791;&#x17D2;&#x1792;&#x17B7;&#x1796;&#x179B;&#x1793;&#x17C3;&#x1780;&#x17C6;&#x179A;&#x17B7;&#x178F;&#x1787;&#x17B8;&#x17A2;&#x17CA;&#x17BB;&#x1799;&#x179A;&#x17C9;&#x17C1; &#x179B;&#x17BE;&#x178A;&#x17C6;&#x178E;&#x17B6;&#x17C6;&#x179F;&#x17D2;&#x1796;&#x17C3;&#x1781;&#x17C0;&#x179C;&#x178A;&#x17C6;&#x17B6;&#x1780;&#x17D2;&#x1793;&#x17BB;&#x1784;&#x179B;&#x1780;&#x17D2;&#x1781;&#x1781;&#x17D0;&#x178E;&#x17D2;&#x178C;&#x179F;&#x17BC;&#x179B;&#x17BB;&#x1799;&#x179F;&#x17D2;&#x1799;&#x17BB;&#x1784; &#x1793;&#x17C5;&#x178A;&#x17BE;&#x1798;&#x179A;&#x178A;&#x17BC;&#x179C;&#x179C;&#x179F;&#x17D2;&#x179F;&#x17B6;)</subfield>
  </datafield>
  <datafield tag="260" ind1=" " ind2=" ">
    <subfield code="a">phnom penh</subfield>
    <subfield code="b">RUA</subfield>
    <subfield code="c">2005</subfield>
  </datafield>
  <datafield tag="300" ind1=" " ind2=" ">
    <subfield code="a">xiii,54p.</subfield>
    <subfield code="c">ill.</subfield>
    <subfield code="g">29cm.</subfield>
  </datafield>
  <datafield tag="942" ind1=" " ind2=" ">
    <subfield code="2">ddc</subfield>
    <subfield code="c">AGR</subfield>
  </datafield>
  <datafield tag="999" ind1=" " ind2=" ">
    <subfield code="c">662</subfield>
    <subfield code="d">662</subfield>
  </datafield>
  <datafield tag="952" ind1=" " ind2=" ">
    <subfield code="0">0</subfield>
    <subfield code="1">0</subfield>
    <subfield code="2">ddc</subfield>
    <subfield code="4">0</subfield>
    <subfield code="6">AGR_SET_2005_000000000000000_B032_OR_1</subfield>
    <subfield code="7">0</subfield>
    <subfield code="9">2842</subfield>
    <subfield code="a">LBB</subfield>
    <subfield code="b">LBB</subfield>
    <subfield code="c">B032</subfield>
    <subfield code="d">2015-09-17</subfield>
    <subfield code="l">9</subfield>
    <subfield code="o">AGR SET 2005 B032 Or.1</subfield>
    <subfield code="p">RUA001229</subfield>
    <subfield code="r">2022-02-23</subfield>
    <subfield code="s">2022-02-07</subfield>
    <subfield code="w">2015-09-17</subfield>
    <subfield code="y">AGR</subfield>
  </datafield>
</record>
